| 000 | 00424nam a22001217a 4500 | ||
|---|---|---|---|
| 082 | _a200 THE | ||
| 100 |
_aTahira Iqbal _973281 |
||
| 245 | _aTH-SOF-1838-Identification of Pneumothorax from Chest X-ray Images Using Artificial Intelligence Techniques. | ||
| 260 |
_aISLAMABAD _bNUST COLLEGE OF EME _c2020 |
||
| 650 |
_aMS-COMPUTER ENGINEERING-2018 _973282 |
||
| 700 |
_aSupervisor Dr. Arslan Shaukat _969860 |
||
| 942 |
_cCF _2ddc |
||
| 999 |
_c579079 _d579079 |
||